| 000 | 00728cam a2200217 4500 | ||
|---|---|---|---|
| 008 | 081023s1980 sp 000 0 spa u | ||
| 020 | _a84-200-0527-4 | ||
| 035 | _aa474138 | ||
| 050 | 0 | 4 |
_aSF97 .G4 _bA55 1980 C: 1 |
| 100 | 1 | _aAllen, David | |
| 245 | 1 | 0 |
_aProducción planificada de vacuno de carne / _cDavid Allen, Brian Kilkenny; tr. José Fernández-Salguero |
| 260 |
_aZaragoza, España: _bAcribia, _c1980 |
||
| 300 |
_a240 p. : _bil. ;24 cm. |
||
| 500 | _aTraducción de: Planned Beef Production | ||
| 504 | _aIncluye índice | ||
| 506 | _aRec. Esc. | ||
| 650 | 7 |
_aGanado de carne _zGran Bretaña |
|
| 700 | 1 | _aAllen, David, coaut. | |
| 700 | 1 | _aKilkenny, Brian, coaut. | |
| 700 | 1 | _aFernández-Salguero, José, tr. | |
| 942 |
_2lcc _cLIB |
||
| 999 |
_c139597 _d139595 |
||